000 00787nam a2200253Ia 4500
003 OSt
005 20221005102957.0
006 a|||||r|||| 00| 0
007 ta
008 221004b |||||||| |||| 00| 0 hin d
024 _a32729
037 _cTextual
040 _aCRL
_cCRL
_bhin
041 _2hin
_ahin
082 _aO152,3N03,1, L8
100 _aवर्मा, भगवतीचरण
245 0 _aचित्रलेखा
246 _aChitralekhā
260 _aइलाहाबाद
_bभारती भंडार भारत
_c1978
300 _a176पृ.
_ccm.
650 _aहिन्दी कहानी
942 _hO152,3N03,1, L8
_cTEXL
_2cc
999 _c1009209
_d1009209